Super Metroid Items - Statistics

General Stats
  • This quiz has been taken 325 times
  • The average score is 18 of 26
Answer Stats
Items % Correct
Suit Varia Suit
95%
Suit Gravity Suit
93%
Beam Ice Beam
93%
Weapon Missiles
91%
Misc. Bombs
89%
Weapon Super Missiles
88%
Beam Plasma Beam
84%
Beam Wave Beam
84%
Beam Charge Beam
83%
Boots Hi-Jump Boots
82%
Weapon Power Bombs
80%
Weapon Grappling Beam
75%
Suit Power Suit
72%
Beam Spazer Beam
71%
Misc. Screw Attack
70%
Boots Space Jump
67%
Misc. Morph Ball
66%
Upgrade Energy Tank
64%
Boots Speed Booster
61%
Beam Hyper Beam
54%
Misc. Spring Ball
48%
Upgrade Reserve Tank
45%
Weapon X-Ray Scope
45%
Upgrade Missile Tank
37%
Upgrade Power Bomb Tank
33%
Upgrade Super Missile Tank
33%
No matching quizzes found
Score Distribution
Percent of People with Each Score
Percentile by Number Answered
Your Score History
You have not taken this quiz